Movies Quiz

Random Movies or Oscar Quiz

Ingrid Bergman's Oscar roles Quiz Stats

Quiz not verified by Sporcle

Also try: Disney by Cake
Challenge
Share
Tweet
Embed
Score 0/7 Timer 03:00
0 Plays Today
Year Film % Correct
1974Murder on the Orient Express (winner)
94.6%
1956Anastasia (winner)
89.2%
1944Gaslight (winner)
86.5%
1943For Whom the Bell Tolls
83.8%
1945The Bells of St. Mary's
83.8%
1978Autumn Sonata
75.7%
1949Joan of Arc
59.5%

You're not logged in!

Compare scores with friends on all Sporcle quizzes.
Join for Free
OR
Log In

You Might Also Like...

Show Comments

Extras

Top Quizzes Today


Score Distribution

Your Account Isn't Verified!

In order to create a playlist on Sporcle, you need to verify the email address you used during registration. Go to your Sporcle Settings to finish the process.

Report this User

Report this user for behavior that violates our Community Guidelines.

Details: